| 000 | 01514cam a22004097a 4500 | ||
|---|---|---|---|
| 001 | 000091806 | ||
| 003 | CHAP | ||
| 005 | 20220817043933.0 | ||
| 008 | 040511d2003 mx r 00110 spa d | ||
| 010 | _a88273 | ||
| 011 | _a89245 | ||
| 035 | _a99796 | ||
| 040 | _cCHAP | ||
| 090 | _aTesis | ||
| 100 | 0 | 0 |
_aZamora Ramírez, Lucía. _9123530 |
| 245 | 1 | 0 |
_aAnálisis de la estructura económica del estado de Oaxaca de 1970 al 2000 / _c/por Lucía Zamora Ramírez y Flor de María Ortíz Conde. |
| 260 |
_aChapingo, Méx. : _bEl autor, _c2003. |
||
| 300 |
_a88 h. ; : _bcuadros ; gráfs. |
||
| 502 | _aTesis (Lic. en Economía Agrícola) -- UACH. División de Ciencias Económico Administrativas | ||
| 590 |
_aALEPH _b10 _c20130110 _lUCH01 _h1457 |
||
| 590 |
_aBATCH-UPD _b10 _c20130110 _lUCH01 _h0636 |
||
| 590 |
_aBATCH-UPD _b10 _c20130410 _lUCH01 _h0320 |
||
| 590 |
_aBATCH-UPD _b10 _c20130914 _lUCH01 _h1152 |
||
| 590 |
_aBATCH-UPD _b10 _c20140324 _lUCH01 _h1443 |
||
| 590 |
_aBATCH-UPD _b10 _c20141002 _lUCH01 _h0821 |
||
| 590 |
_aCONVERSION _b10 _c20130109 _lUCH01 _h1349 |
||
| 590 |
_aE5765TAJ _b10 _c20130626 _lUCH01 _h1316 |
||
| 650 | 1 | 4 | _aDesarrollo económico. |
| 650 | 1 | 4 |
_aOaxaca _xCondiciones económicas. _982476 |
| 856 |
_3Finding aid _uhttp://10.13.5.2/tesis/99796.pdf _zTeclea aquí |
||
| 901 | _aBK | ||
| 905 | _aAlejandra Carrasco M. | ||
| 942 | _cCD | ||
| 942 | _n0 | ||
| 949 |
_aTesis _bBC _cTES _d33724000922001 _eTS2 _fc.2 _h41762 _i99796 _sb |
||
| 949 |
_aTesis _bBC _cTES _d997961 _eTS1 _h41761 _i99796 _sb |
||
| 999 |
_c88273 _d88273 |
||